LIBRARY & INFORMATION CENTRE, KCAET, TAVANUR

ONLINE PUBLIC ACCESS CATALOGUE (OPAC)

Meters for measuring water and industrial fluids / (Record no. 5722)

MARC details
000 -LEADER
fixed length control field 00401cam a2200157ua 4500
041 ## - LANGUAGE CODE
Language code of text/sound track or separate title eng
082 ## - DEWEY DECIMAL CLASSIFICATION NUMBER
Classification number 628.144287
Item number JAQ/ME
100 ## - MAIN ENTRY--AUTHOR NAME
Personal name Jacques, C .
245 ## - TITLE STATEMENT
Title Meters for measuring water and industrial fluids /
250 ## - EDITION STATEMENT
Edition statement 1 /
260 ## - PUBLICATION, DISTRIBUTION, ETC. (IMPRINT)
Place of publication london :
Name of publisher E&FN spon Ltd ,
Year of publication 1945.
300 ## - PHYSICAL DESCRIPTION
Number of Pages 83 ; .
942 ## - ADDED ENTRY ELEMENTS (KOHA)
Koha item type Books
Holdings
Withdrawn status Lost status Damaged status Home library Current library Date acquired Full call number Accession Number Koha item type
      KAUAET KAUAET 07/04/2012 628.144287 3530 Books
free website counter